Estadísticas para Todas las ciudades de 3M en el mapa mundial

Haz click aquí para intentar la prueba.

Estadísticas generales

  • Esta prueba ha sido intentada 3.329 veces
    (253 desde el último reinicio)
  • La puntuación promedio es 121 de 191

Respuestas en el mapa

Las respuestas están codificadas por una escala verde-roja en el mapa de la prueba según el % correcto abajo.
 

Estadísticas de respuestas

PoblaciónCiudad% Correcto
6,65 MMadrid
97%
11,5 MParís
97%
16,7 MBuenos Aires
96%
11,8 MLima
96%
17,2 MLos Ángeles
96%
4,87 MBarcelona
95%
14,9 MLondres
95%
19,1 MMoscú
95%
22,0 MNueva York
95%
8,25 MSantiago
95%
4,85 MBerlín
94%
10,4 MBogotá
94%
25,1 MCiudad de Mexico
94%
21,2 MPekín
94%
22,1 MSão Paulo
94%
41,0 MTokio
94%
12,5 MRío de Janeiro
93%
3,42 MRoma
93%
3,97 MBrasilia
92%
22,5 MEl Cairo
92%
6,10 MMilán
92%
3,82 MCaracas
91%
15,9 MEstambul
91%
3,47 MKiev
91%
6,30 MMiami
91%
3,57 MAtenas
90%
5,15 MAnkara
89%
4,77 MCasablanca
89%
7,45 MSan Francisco
89%
3,15 MMánchester
88%
4,97 MSidney
88%
9,65 MChicago
87%
6,50 MSan Petersburgo
87%
4,25 MArgel
86%
8,55 MWashington
86%
27,2 MManila
85%
4,05 MNápoles
85%
25,1 MSeúl
85%
16,5 MTeherán
85%
22,5 MDaca
84%
34,6 MDelhi
84%
14,6 MJohannesburgo
84%
4,27 MMedellín
84%
21,2 MBangkok
83%
3,85 MSanto Domingo
83%
40,8 MShanghái
83%
29,2 MYakarta
83%
6,20 MAlejandría
82%
7,65 MBagdad
82%
27,1 MBombay
82%
7,50 MRiad
82%
3,20 MSan Diego
82%
7,70 MToronto
82%
7,70 MBoston
81%
4,97 MCiudad del Cabo
81%
7,65 MDallas
81%
5,85 MGuadalajara
81%
20,7 MLagos
81%
17,7 MOsaka
81%
4,47 MSeattle
81%
3,35 MCiudad de Guatemala
80%
5,95 MDubái
80%
7,05 MHouston
80%
3,62 MPuerto Príncipe
80%
3,07 MVancouver
80%
3,05 MAntananarivo
79%
3,92 MDakar
79%
3,87 MDamasco
79%
6,00 MMonterrey
79%
70,1 MCantón
78%
3,30 MGuayaquil
78%
15,6 MKinsasa
78%
5,00 MMelbourne
78%
6,70 MNairobi
78%
3,25 MBirmingham
77%
17,7 MCalcuta
77%
3,30 MFráncfort
77%
5,05 MKabul
77%
9,30 MKuala Lumpur
77%
4,72 MAdís Abeba
76%
6,00 MAmán
76%
7,15 MHanói
76%
4,77 MKuwait
76%
3,67 MBakú
75%
3,80 MOrlando
75%
3,17 MSaná
75%
7,85 MSingapur
75%
3,00 MPionyang
74%
6,60 MAcra
73%
3,85 MDenver
73%
9,35 MLuanda
73%
7,05 MJartum
72%
4,42 MMontreal
72%
6,10 MAtlanta
71%
7,25 MHong Kong
71%
20,9 MKarachi
71%
7,50 MFiladelfia
70%
9,95 MTaipéi
70%
13,9 MCiudad Ho Chi Minh
69%
5,75 MDetroit
69%
12,2 MWuhan
69%
4,92 MTampa
68%
4,12 MKampala
67%
4,90 MPhoenix
67%
3,82 MYaundé
67%
3,35 MBrisbane
66%
4,22 MPuebla
66%
3,67 MRecife
66%
4,92 MBelo Horizonte
65%
3.40 mRóterdam
65%
3,92 MPorto Alegre
64%
5,45 MBamako
63%
4,92 MColombo
63%
6,25 MDar es-Salam
63%
3,57 MFortaleza
62%
3,12 MKatmandú
62%
14,5 MLahore
62%
14,2 MBangalore
61%
12,6 MChennai
59%
3,85 MDurban
59%
4,00 MBusan
58%
10,5 MNagoya
58%
12,8 MXi'an
58%
3,30 MUagadugú
57%
3,20 MSalvador
56%
3,77 MTaskent
56%
3,05 MCleveland
54%
11,4 MHyderabad
54%
3,92 MYeda
54%
5,20 MKano
53%
9,60 MAhmedabad
51%
14,9 MXiamen
51%
17,3 MChengdu
50%
3,42 MCuritiba
50%
6,80 MAbiyán
49%
11,5 MTianjin
49%
3,22 MMineápolis
48%
5,00 MChittagong
47%
5,90 MSurabaya
46%
4,85 MUrumqi
45%
10,9 MChongqing
44%
7,75 MPune
44%
6,95 MBandung
41%
3,00 MEsmirna
41%
13,9 MHangzhou
41%
3,37 MIsfahán
41%
4,40 MJaipur
41%
6,15 MRangún
41%
3,77 MDuala
40%
11,0 MChangsha
39%
7,75 MSurat
39%
5,45 MHarbin
37%
3,32 MIbadán
37%
4,12 MLucknow
36%
7,45 MQingdao
36%
4,20 MMedan
34%
9,30 MNankín
34%
3,25 MCampinas
33%
5,30 MDalian
33%
3,80 MRawalpindi
33%
4,05 MFaisalabad
32%
3,42 MMashhad
32%
7,80 MHefei
31%
9,80 MZhengzhou
29%
6,50 MKunming
28%
5,30 MNanning
28%
8,70 MShenyang
27%
4,65 MFuzhou
26%
3,62 MIndore
25%
3,50 MNagpur
25%
5,10 MWenzhou
25%
3,00 MCoimbatore
24%
3,65 MKanpur
24%
7,30 MNingbo
24%
6,55 MJinan
23%
8,00 MShantou
23%
5,05 MChangchun
21%
5,95 MTaiyuan
21%
3,15 MGujranwala
20%
3,87 MZibo
19%
3,27 MBhilai
18%
3,50 MLanzhou
18%
6,20 MShijiazhuang
18%
4,45 MLinyi
17%
3,60 MLuoyang
17%
4,97 MNanchang
17%
3,35 MNantong
17%
5,05 MGuiyang
16%
3,17 MWeifang
16%
3,07 MXuzhou
15%
3,10 MJiangyin
12%

Distribución de puntuación

Porcentaje por número respondido

Porcentaje de gente con cada puntuación

Historial de tus puntuaciones

No has intentado esta prueba desde el último reinicio